000 00458nam a2200193Ia 4500
008 170918s9999 xx 000 0 und d
020 _a9780439560634
050 _bL345 2002
100 _aLasky, Kathryn
245 _aPorkenstein /
245 _cKathryn Lasky and David Jarvis.
260 _aNew York :
260 _bScholastic,
260 _c2002
300 _aunpaged :
300 _bcolored illustration ;
300 _c28cm.
500 _a250
999 _c341085
_d341085